Yeat Songs-Sudden Death - Statistics

General Stats
  • This quiz has been taken 342 times
  • The average score is 5 of 11
Answers on the Grid
Answers color-coded by a green-red scale on the quiz's grid according to % correct below.
Twizzy Rich
Tonka
Tonka 2
Tonka 3
Cali
4Brazy
X ta C
X up
Brizzy
Feel no Ways
Power trip
Bedtime
More
The Costes
Perc time
Every Sunday
Kranky
Meen Feen
Lightweight
Cookin X
Sad Bout That
 
Answer Stats
Answer % Correct
Twizzy Rich
87%
Tonka
84%
Tonka 2
67%
X ta C
51%
Power trip
42%
Feel no Ways
37%
The Costes
37%
Cali
35%
More
33%
Meen Feen
29%
Every Sunday
18%
No matching quizzes found
Score Distribution
Percent of People with Each Score
Percentile by Number Answered
Your Score History
You have not taken this quiz